Culture Générale - Série 1548 - Statistiques

Statistiques générales
  • Ce quiz a été pris 100 fois
  • Le résultat moyen est 5 sur 10
Statistiques - réponses
Question Réponse % Correct
Dans quel roman de Victor Hugo le jeune Gavroche meurt-il en chantant ? Les Misérables
94%
Que signifie le préfixe "géo", qu'on trouve notamment dans le mot "géographie" ? terre
88%
En 2000, quel est le premier tube de la chanteuse Alizée ? Moi... Lolita
69%
Sous quel nom français, connaît-on le poète d'origine polonaise : Wilhelm Apollinaris de Kostrowitzky ? Guillaume Apollinaire
64%
Quelle est la capitale de l'Angola ? Luanda
45%
Quel est le nom du cinéma à écran hémisphérique, de la Cité des sciences et de l'industrie de Paris ? la Géode
38%
À quel cinéaste, (initiales MC) doit-on “Thérèse Raquin”, en 1953 ? Marcel Carné
23%
En 48 avant Jésus-Christ, quel homme d'État est assassiné sur l'ordre de Ptolémée XIII ? Pompée
13%
Quel peintre a réalisé, pour l'Exposition universelle de 1937, une fresque gigantesque intitulée "La Fée électricité" ? Raoul Dufy
9%
En 1858, à quel compositeur doit-on l'opéra comique “Le Médecin malgré lui” ? Charles Gounod
7%
Aucun quiz correspondant
Distribution des résultats
% des personnes avec chaque résultat
Percentile par nombre de réponses
Votre historique - résultats
Vous n’avez pas pris ce quiz